[Event "24th Open"]
[Site "Pula CRO"]
[Date "2010.06.24"]
[Round "7"]
[White "Molnar,Be"]
[Black "Drazic,S"]
[Result "0-1"]
[WhiteElo "2340"]
[BlackElo "2531"]
[EventDate "2010.06.19"]

1. e4 e6 2. d4 d5 3. Nc3 Nf6 4. Bg5 dxe4 5. Nxe4 Be7 6. Bxf6 gxf6 7. Nf3 a6
8. g3 b5 9. Bg2 Bb7 10. Qe2 f5 11. Ned2 O-O 12. O-O Nd7 13. Rfd1 c5 14. Ne5
Bxg2 15. Kxg2 Nf6 16. Nc6 Qc7 17. Nxe7+ Qxe7 18. Nb3 c4 19. Nc5 Rfd8 20. a4
Kg7 21. c3 Qd6 22. Re1 Qd5+ 23. Qf3 b4 24. a5 Rd6 25. Ra4 Rb8 26. Rxb4 Rxb4
27. cxb4 Qxd4 28. Qc3 Qxc3 29. bxc3 Nd5 30. Na4 Nc7 31. Nb2 Rd2 32. Nxc4
Rc2 33. Re5 Rxc3 34. Rc5 Nb5 35. Ne3 Rxc5 36. bxc5 Kf6 37. f4 Ke7 38. Nc2
Kd7 39. Nb4 Nd4 40. Nxa6 Nc6 41. Kh3 Kc8 42. Kh4 f6 43. g4 fxg4 44. Kxg4
Kb7 45. h4 Kxa6 46. Kh5 e5 0-1

[Event "24th Open"]
[Site "Pula CRO"]
[Date "2010.06.24"]
[Round "7"]
[White "Saric,Iv"]
[Black "Orak,L"]
[Result "1-0"]
[WhiteElo "2580"]
[BlackElo "2343"]
[EventDate "2010.06.19"]

1. e4 e5 2. Nf3 Nc6 3. Bb5 a6 4. Bxc6 dxc6 5. O-O f6 6. d4 Bg4 7. c3 Ne7 8.
Be3 Ng6 9. Nbd2 Qd7 10. h3 Be6 11. Qe2 Bd6 12. dxe5 fxe5 13. Ng5 h6 14.
Nxe6 Qxe6 15. Rfd1 O-O 16. Qc4 Kf7 17. g3 Qxc4 18. Nxc4 Ke6 19. Rd2 Be7 20.
Na5 Rfd8 21. Rad1 Rxd2 22. Rxd2 b6 23. Nxc6 Bd6 24. Nb4 Ne7 25. Nd5 b5 26.
f4 exf4 27. gxf4 Nxd5 28. Rxd5 g6 29. Kg2 Rf8 30. Kf3 c6 31. Rd1 Bxf4 32.
Bxf4 g5 33. Rd6+ Ke7 34. Rxh6 Rxf4+ 35. Ke3 Kd7 36. Rh5 Rf1 37. Rxg5 Rh1
38. Kd4 Rxh3 39. Rg7+ Kd6 40. e5+ Ke6 41. Rg6+ Kd7 42. Rd6+ Kc7 43. Kc5 Re3
44. Rxc6+ Kb7 45. Rb6+ 1-0

[Event "24th Open"]
[Site "Pula CRO"]
[Date "2010.06.24"]
[Round "7"]
[White "Lizak,P"]
[Black "Martinovic,Sa"]
[Result "0-1"]
[WhiteElo "2335"]
[BlackElo "2515"]
[EventDate "2010.06.19"]

1. Nf3 Nf6 2. c4 g6 3. Nc3 Bg7 4. d4 O-O 5. e4 d6 6. Be3 Na6 7. Be2 e5 8.
O-O Ng4 9. Bg5 Qe8 10. h3 h6 11. Bc1 exd4 12. Nxd4 Nf6 13. Bf3 Nh7 14. Bg4
Bxg4 15. hxg4 Nc5 16. Re1 Qe5 17. Nb3 c6 18. Be3 Qe7 19. Bd4 Be5 20. Qd2
Nxb3 21. axb3 Qh4 22. Bxe5 dxe5 23. Qe3 Ng5 24. Rxa7 Rxa7 25. Qxa7 Qxg4 26.
Re3 Qd7 27. Re1 Ne6 28. Qe3 Kg7 29. Rd1 Qe7 30. Ne2 h5 31. f4 exf4 32. Nxf4
Re8 33. Nd3 Qg5 34. Qxg5 Nxg5 35. e5 Rd8 36. Kf2 Ne6 37. Ke3 Nc5 38. Nf2
Rxd1 39. Nxd1 Nxb3 40. Nc3 Kf8 41. Ne4 Ke7 42. Kf4 b6 43. Ke3 Nc5 44. Nd6
Nd7 45. Nc8+ Kd8 46. Nd6 Nxe5 47. Kd4 f6 48. c5 bxc5+ 49. Kxc5 Kd7 50. Ne4
f5 51. Nf2 h4 52. b4 g5 53. Nh3 Nd3+ 54. Kd4 g4 55. Ng5 Ne1 56. Ke5 Nf3+
57. Kxf5 Nxg5 58. Kxg4 h3 0-1

[Event "24th Open"]
[Site "Pula CRO"]
[Date "2010.06.24"]
[Round "7"]
[White "Sklyarov,D"]
[Black "Kovacevic,Bl"]
[Result "1-0"]
[WhiteElo "2373"]
[BlackElo "2471"]
[EventDate "2010.06.19"]

1. g3 d5 2. Bg2 Nf6 3. Nf3 Bf5 4. c4 c6 5. O-O e6 6. d3 Nbd7 7. Nc3 Be7 8.
cxd5 cxd5 9. e4 dxe4 10. dxe4 Nxe4 11. Nd4 Nxc3 12. bxc3 Nc5 13. Nxf5 exf5
14. Qc2 O-O 15. Qxf5 Rc8 16. Be3 Qa5 17. Bd5 Qxc3 18. Rac1 Qf6 19. Qxf6
gxf6 20. Rc4 Ne6 21. Rg4+ Kh8 22. Bxb7 Rc7 23. Be4 Rg8 24. Rxg8+ Kxg8 25.
Rb1 Kg7 26. Rb5 Bc5 27. Bxc5 Nxc5 28. Bf5 h6 29. Kg2 Ne6 30. Rd5 Kf8 31. h4
Rb7 32. Kf3 Rb2 33. Bxe6 fxe6 34. Ra5 Rb7 35. Kg4 Kg7 36. Kh5 Rd7 37. Ra6
Rd5+ 38. Kg4 f5+ 39. Kf3 Kf6 40. Rxa7 Rd2 41. Ra8 Rc2 42. a4 h5 43. a5 Ra2
44. a6 Ke5 45. a7 Ra3+ 46. Kg2 Ra2 47. Kh3 Ke4 48. Kg2 Ke5 49. Kf1 Ra1+ 50.
Ke2 Ra2+ 51. Kd3 Ra3+ 52. Kc4 Ke4 53. f4 Ra1 54. Kc5 Ra2 55. Kd6 Ra6+ 56.
Ke7 Kf3 57. Kf6 Kg2 58. Rg8 Rxa7 59. Kxe6 Ra5 60. Rg5 Kf3 61. Kf6 Ke4 62.
Kg6 Ra6+ 63. Kxh5 Rb6 64. Rg6 1-0

[Event "24th Open"]
[Site "Pula CRO"]
[Date "2010.06.24"]
[Round "7"]
[White "Hamitevici,V"]
[Black "Fucak,E"]
[Result "1/2-1/2"]
[WhiteElo "2421"]
[BlackElo "2276"]
[EventDate "2010.06.19"]

1. d4 e6 2. c4 f5 3. Nf3 Nf6 4. g3 Be7 5. Bg2 O-O 6. O-O d6 7. Nbd2 Qe8 8.
Qc2 Qh5 9. b4 Nc6 10. b5 Nd8 11. a4 g5 12. e4 g4 13. Ne1 e5 14. dxe5 dxe5
15. Nd3 Ne6 16. Bb2 f4 17. Bxe5 f3 18. Bh1 Nd7 19. Bb2 Ng5 20. Rfe1 Nh3+
21. Kf1 Ng5 22. Kg1 Nh3+ 23. Kf1 Ng5 1/2-1/2

[Event "24th Open"]
[Site "Pula CRO"]
[Date "2010.06.24"]
[Round "7"]
[White "Sandhu,M"]
[Black "Fodor,T jr"]
[Result "1-0"]
[WhiteElo "2324"]
[BlackElo "2420"]
[EventDate "2010.06.19"]

1. e4 e5 2. Nf3 Nc6 3. Bb5 a6 4. Bxc6 dxc6 5. O-O Be7 6. d4 Nf6 7. Nc3 exd4
8. Qxd4 Qxd4 9. Nxd4 Bd7 10. f3 O-O-O 11. Be3 c5 12. Nde2 Bc6 13. Rad1 b5
14. Rxd8+ Rxd8 15. Rd1 Rxd1+ 16. Nxd1 Nd7 17. Kf2 Kb7 18. Nf4 Ne5 19. Ke2
b4 20. Nd3 Bb5 21. b3 a5 22. Kd2 Nd7 23. c4 Bc6 24. N1f2 Kb6 25. Nh3 Nf8
26. Ne5 Be8 27. Nf4 Bd6 28. Ned3 Nd7 29. Nd5+ Kb7 30. Bf4 f6 31. Ne3 Kc6
32. h4 Bf7 33. Bxd6 cxd6 34. Nf5 g5 35. Ne7+ Kc7 36. hxg5 fxg5 37. Ke3 a4
38. Nd5+ Bxd5 39. exd5 axb3 40. axb3 Nf6 41. Nf2 Nh5 42. Ne4 h6 43. g4 Nf4
44. Ng3 Kd7 45. Ke4 Ng6 46. Nf5 Nf4 47. Ng3 Kc7 48. Kf5 Nd3 49. Ne4 Kd7 50.
Kf6 Nf4 51. Kg7 h5 52. Nf6+ Ke7 53. gxh5 1-0

[Event "24th Open"]
[Site "Pula CRO"]
[Date "2010.06.24"]
[Round "7"]
[White "Barle,J"]
[Black "Nordenbaek,J"]
[Result "1/2-1/2"]
[WhiteElo "2404"]
[BlackElo "2215"]
[EventDate "2010.06.19"]

1. e4 c5 2. Ne2 Nf6 3. Nbc3 Nc6 4. g3 d5 5. exd5 Nd4 6. Bg2 Bg4 7. h3 Bf3
8. Bxf3 Nxf3+ 9. Kf1 Nd4 10. Nf4 g5 11. Ng2 Nxd5 12. d3 e6 13. Ne4 Be7 14.
c3 Nc6 15. Qe2 h5 16. Bd2 Kd7 17. Re1 Qg8 18. d4 cxd4 19. Qb5 Kc7 20. c4 a6
1/2-1/2

[Event "24th Open"]
[Site "Pula CRO"]
[Date "2010.06.24"]
[Round "7"]
[White "Djurovic,G"]
[Black "Stokke,K"]
[Result "1/2-1/2"]
[WhiteElo "2318"]
[BlackElo "2399"]
[EventDate "2010.06.19"]

1. Nf3 g6 2. e4 c5 3. c4 Nc6 4. d4 cxd4 5. Nxd4 Nf6 6. Nc3 d6 7. Be2 Nxd4
8. Qxd4 Bg7 9. Bg5 O-O 10. Qd2 Be6 11. Rc1 Qa5 12. b3 Rfc8 13. f3 a6 14.
Nd5 Qxd2+ 15. Kxd2 Nxd5 16. cxd5 Bd7 17. Rxc8+ Rxc8 18. Rc1 Rxc1 1/2-1/2

[Event "24th Open"]
[Site "Pula CRO"]
[Date "2010.06.24"]
[Round "7"]
[White "Biti,O"]
[Black "Mihalincic,T"]
[Result "1/2-1/2"]
[WhiteElo "2376"]
[BlackElo "2232"]
[EventDate "2010.06.19"]

1. e4 e6 2. d4 d5 3. Nd2 Nf6 4. Bd3 c5 5. dxc5 dxe4 6. Nxe4 Nxe4 7. Bxe4
Qxd1+ 8. Kxd1 Bxc5 9. Ke2 Nc6 10. Be3 Bxe3 11. Bxc6+ bxc6 12. Kxe3 e5 13.
Nf3 f6 14. Nd2 Bf5 15. Rac1 Ke7 16. Rhd1 Rhd8 17. Ne4 Bxe4 18. Kxe4 Ke6 19.
Ke3 Rab8 20. b3 f5 21. f3 g6 22. Rd3 Rd5 1/2-1/2

[Event "24th Open"]
[Site "Pula CRO"]
[Date "2010.06.24"]
[Round "7"]
[White "Bellia,F"]
[Black "Nemeth,Ge"]
[Result "1-0"]
[WhiteElo "2373"]
[BlackElo "1835"]
[EventDate "2010.06.19"]

1. e4 e6 2. d4 d5 3. Nd2 Nf6 4. e5 Nfd7 5. Bd3 c5 6. c3 Nc6 7. Ne2 cxd4 8.
cxd4 Qb6 9. Nf3 f6 10. exf6 Nxf6 11. O-O Bd6 12. Nc3 O-O 13. Re1 Bd7 14. a3
Rae8 15. Be3 Qd8 16. Bg5 a6 17. Bh4 Qb8 18. Bc2 Kh8 19. Bg3 Bxg3 20. hxg3
e5 21. dxe5 Nxe5 22. Nxe5 Rxe5 23. Qd4 Rfe8 24. Rxe5 Qxe5 25. Qxe5 Rxe5 26.
Rd1 d4 27. f4 Re8 28. Rxd4 Bc6 29. Bd1 Ne4 30. Nxe4 Bxe4 31. Kf2 h6 32. g4
Bc6 33. Bc2 g5 34. g3 Kg7 35. Rd6 Be4 36. Rd7+ Kf6 37. Bxe4 Rxe4 38. Kf3
Re6 39. Rxb7 Rd6 40. Rb3 a5 41. f5 a4 42. Rb4 Rd3+ 43. Kf2 Kf7 44. Rxa4
Rd2+ 45. Kf3 Rxb2 46. Ra8 Rb3+ 47. Kg2 h5 48. gxh5 g4 49. h6 Rb2+ 50. Kg1
Rb1+ 51. Kf2 Rh1 52. h7 1-0

[Event "24th Open"]
[Site "Pula CRO"]
[Date "2010.06.24"]
[Round "7"]
[White "Gerola,F"]
[Black "Shalnev,N"]
[Result "1/2-1/2"]
[WhiteElo "2189"]
[BlackElo "2450"]
[EventDate "2010.06.19"]

1. e4 c5 2. Nf3 d6 3. d4 cxd4 4. Nxd4 Nf6 5. Nc3 a6 6. f4 e5 7. Nf3 Nbd7 8.
a4 b6 9. Bd3 Bb7 10. Qe2 Be7 11. O-O O-O 1/2-1/2

[Event "24th Open"]
[Site "Pula CRO"]
[Date "2010.06.24"]
[Round "7"]
[White "Rubil,M"]
[Black "Feletar,D"]
[Result "0-1"]
[WhiteElo "2163"]
[BlackElo "2390"]
[EventDate "2010.06.19"]

1. e4 c5 2. Nf3 d6 3. d4 Nf6 4. Nc3 cxd4 5. Nxd4 g6 6. Be3 a6 7. f3 b5 8.
Qd2 Bb7 9. O-O-O Nbd7 10. g4 h6 11. Be2 b4 12. Nd5 Nxd5 13. exd5 Bxd5 14.
Qxb4 Bg7 15. Nb3 Bxb3 16. cxb3 a5 17. Qe4 O-O 18. Kb1 Rc8 19. f4 Nc5 20.
Qd5 Qb6 21. f5 Kh7 22. Bd3 a4 23. Bc2 axb3 24. axb3 Ra8 25. fxg6+ fxg6 26.
Qh5 Rf6 27. Rhf1 Kh8 28. Bxg6 Qxb3 29. Bxh6 Qxb2+ 30. Kxb2 Rf2+ 31. Kc1
Nb3+ 0-1

[Event "24th Open"]
[Site "Pula CRO"]
[Date "2010.06.24"]
[Round "7"]
[White "Franic,M"]
[Black "Pelagatti,A"]
[Result "1/2-1/2"]
[WhiteElo "2390"]
[BlackElo "2194"]
[EventDate "2010.06.19"]

1. d4 Nf6 2. c4 g6 3. Nc3 Bg7 4. e4 d6 5. Be2 O-O 6. Bg5 h6 7. Be3 c5 8. d5
e6 9. h3 exd5 10. exd5 Re8 11. Nf3 Bf5 12. O-O Ne4 13. Nxe4 Bxe4 14. Qd2
Kh7 15. Rae1 Na6 16. b3 b5 17. cxb5 Nb4 18. Bc4 Nc2 19. Rc1 Nxe3 20. fxe3
f5 21. Rf2 Bxf3 22. Rxf3 Qg5 23. Kh1 Re7 24. g3 h5 25. h4 Qh6 26. Re1 Rae8
27. Re2 Bh8 28. a4 Qg7 29. Kg2 Qa1 30. Qc2 Bg7 31. Bd3 Qc3 32. Qxc3 Bxc3
33. Kf2 Kg7 34. Rc2 Bb4 35. Ke2 Ba5 36. Bc4 Bb4 37. Kd3 Ba5 38. Re2 Bb4 39.
Kc2 Ba5 40. Bd3 Bb4 41. Bc4 Ba5 42. Kd3 Bb4 43. Rf4 Ba5 44. Rf3 Bb4 1/2-1/2

[Event "24th Open"]
[Site "Pula CRO"]
[Date "2010.06.24"]
[Round "7"]
[White "Radovic,St"]
[Black "Bukal,V jr"]
[Result "1/2-1/2"]
[WhiteElo "2161"]
[BlackElo "2388"]
[EventDate "2010.06.19"]

1. Nf3 d5 2. d4 Nf6 3. c4 c6 4. cxd5 cxd5 5. Nc3 Nc6 6. Bf4 Bf5 7. e3 e6 8.
Bd3 Bxd3 9. Qxd3 Be7 10. O-O O-O 11. Rac1 Nh5 12. Be5 Rc8 13. h3 Nf6 14.
Bf4 Na5 15. Ne5 Nc4 16. Nxc4 dxc4 17. Qc2 Qd7 18. Rfd1 b5 19. d5 exd5 20.
Nxd5 Nxd5 21. e4 Rfe8 22. Rxd5 Qc6 23. Rcd1 h6 24. Be5 a6 25. Qc3 b4 26.
Qg3 Bf6 27. Bxf6 Qxf6 28. e5 Qf5 29. Qg4 Qc2 30. R1d2 Qa4 31. e6 Rxe6 32.
Rd8+ Rxd8 33. Rxd8+ Re8 34. Rxe8+ Qxe8 35. Qxc4 Qe1+ 36. Kh2 Qe5+ 37. f4
Qxb2 38. Qc8+ Kh7 39. Qxa6 Qd2 40. Qc4 f5 1/2-1/2

[Event "24th Open"]
[Site "Pula CRO"]
[Date "2010.06.24"]
[Round "7"]
[White "Balazs,G2"]
[Black "Liedl,W"]
[Result "1/2-1/2"]
[WhiteElo "2352"]
[BlackElo "2189"]
[EventDate "2010.06.19"]

1. d4 d5 2. c4 c6 3. Nf3 Nf6 4. Nc3 dxc4 5. a4 Bf5 6. Ne5 e6 7. f3 c5 8. e4
Bg6 9. Be3 cxd4 10. Bxd4 Nc6 11. Nxc6 bxc6 12. Bxc4 Qa5 13. Bf2 Bc5 14. O-O
O-O 15. Qe2 Rfd8 16. Rfd1 Nd7 17. Ba2 Bxf2+ 18. Kxf2 Nc5 19. Qc4 Qb6 20.
Kf1 a5 21. Rac1 Na6 22. Rxd8+ Rxd8 23. Rd1 Rxd1+ 24. Nxd1 h6 25. Bb1
1/2-1/2

[Event "24th Open"]
[Site "Pula CRO"]
[Date "2010.06.24"]
[Round "7"]
[White "Myhrvold,R"]
[Black "Zelic,Ml"]
[Result "0-1"]
[WhiteElo "2152"]
[BlackElo "2309"]
[EventDate "2010.06.19"]

1. e4 e5 2. Nf3 Nc6 3. Bb5 f5 4. Nc3 fxe4 5. Nxe4 d5 6. Nxe5 dxe4 7. Nxc6
Qd5 8. c4 Qd6 9. Nxa7+ Bd7 10. Bxd7+ Qxd7 11. Nb5 Nf6 12. O-O Bc5 13. d4
exd3 14. Re1+ Kf7 15. Be3 Bxe3 16. Rxe3 d2 17. Qe2 Rxa2 18. Rd1 Rxb2 19.
Rd3 Qc6 20. Nd4 Re8 21. Nxc6 Rxe2 22. Nd8+ Ke7 23. Kf1 Re1+ 24. Rxe1+
dxe1=Q+ 25. Kxe1 Nd7 26. Nf7 Rc2 27. Rd2 Rxd2 0-1

[Event "24th Open"]
[Site "Pula CRO"]
[Date "2010.06.24"]
[Round "7"]
[White "Medancic,R"]
[Black "Ernst,M"]
[Result "0-1"]
[WhiteElo "2305"]
[BlackElo "2150"]
[EventDate "2010.06.19"]

1. Nf3 Nf6 2. g3 g6 3. b3 Bg7 4. Bb2 d5 5. Bg2 O-O 6. O-O c5 7. d3 Nc6 8.
Ne5 Qd6 9. Nxc6 Qxc6 10. c4 Qd6 11. cxd5 Nxd5 12. Bxg7 Kxg7 13. Nd2 Qd7 14.
Rc1 b6 15. Nf3 Bb7 16. d4 Rac8 17. dxc5 bxc5 18. Rxc5 Rxc5 19. Qd4+ Nf6 20.
Qxc5 Rc8 21. Qa3 Be4 22. Rc1 Rd8 23. Qb4 a5 24. Qc4 Qb7 25. Qc3 Qb4 26. Qa1
Kg8 27. Rc4 Qb7 28. Qc1 Rd6 29. Rc7 Rd1+ 30. Qxd1 Qxc7 31. Qd2 Qc5 32. h3
Bc6 33. e3 Bd5 34. Nd4 Bxg2 35. Kxg2 Qd5+ 36. Nf3 Qc5 37. Qd4 Qc2 38. Qd2
Qc5 39. Qd3 Qa3 40. Qc2 Nd5 41. Ne5 Qd6 42. Qc8+ Kg7 43. Nc4 Qb4 44. Qd8
Nc3 45. Qxa5 Qxa5 46. Nxa5 Nxa2 47. Kf3 Kf6 48. Ke4 Ke6 49. Nc6 Kd6 50. Nd4
Nc3+ 51. Kd3 0-1

[Event "24th Open"]
[Site "Pula CRO"]
[Date "2010.06.24"]
[Round "7"]
[White "Novkovic,J"]
[Black "Hess,C1"]
[Result "1/2-1/2"]
[WhiteElo "2146"]
[BlackElo "2303"]
[EventDate "2010.06.19"]

1. e4 c6 2. Nc3 d5 3. Nf3 dxe4 4. Nxe4 Nf6 5. Nxf6+ gxf6 6. d4 Bf5 7. Be3
e6 8. Qd2 Nd7 9. O-O-O Qc7 10. Nh4 Bg6 11. Nxg6 hxg6 12. Kb1 O-O-O 13. h3
Nb6 14. Be2 1/2-1/2

[Event "24th Open"]
[Site "Pula CRO"]
[Date "2010.06.24"]
[Round "7"]
[White "Fahrner,K"]
[Black "Kopinits,A"]
[Result "1-0"]
[WhiteElo "2302"]
[BlackElo "2158"]
[EventDate "2010.06.19"]

1. e4 c5 2. Nc3 Nc6 3. f4 g6 4. Nf3 Bg7 5. Bc4 e6 6. f5 Nge7 7. fxg6 fxg6
8. d3 O-O 9. O-O a6 10. Qe1 Nd4 11. Qh4 Nec6 12. Bg5 Qc7 13. Nxd4 Bxd4+ 14.
Kh1 Rxf1+ 15. Rxf1 d6 16. Nd5 Qg7 17. Bh6 g5 18. Qh5 1-0

[Event "24th Open"]
[Site "Pula CRO"]
[Date "2010.06.24"]
[Round "7"]
[White "Havik,V"]
[Black "Plenca,J"]
[Result "0-1"]
[WhiteElo "2140"]
[BlackElo "2286"]
[EventDate "2010.06.19"]

1. d4 d5 2. c4 c6 3. Nc3 Nf6 4. cxd5 cxd5 5. Bf4 Nc6 6. e3 Qb6 7. Bb5 Bd7
8. Nge2 e6 9. Bd3 Be7 10. h3 O-O 11. O-O Rfc8 12. g4 Na5 13. b3 Ba3 14. Rb1
Qb4 15. Qe1 Qe7 16. f3 Bb4 17. Rc1 Ne8 18. Qg3 Ba3 19. Rcd1 a6 20. g5 Bb2
21. Nb1 Bb5 22. Qe1 Nc6 23. Qd2 Bxd3 24. Qxb2 Bf5 25. h4 Nb4 26. Nec3 Bxb1
27. Nxb1 Rc2 28. Qa1 Rxa2 29. Qc3 Rc2 30. Qe1 Rac8 31. Qg3 Rb2 32. Rf2 Rxf2
33. Qxf2 Nd6 34. Qb2 Nb5 35. Na3 e5 36. dxe5 Nxa3 37. e6 Qxe6 0-1

[Event "24th Open"]
[Site "Pula CRO"]
[Date "2010.06.24"]
[Round "7"]
[White "Dimitrijevic,A"]
[Black "Bjelicic,J"]
[Result "1/2-1/2"]
[WhiteElo "2286"]
[BlackElo "2128"]
[EventDate "2010.06.19"]

1. c4 Nf6 2. Nf3 e6 3. g3 d5 4. Bg2 Be7 5. O-O O-O 6. d3 c5 7. e3 Nc6 8.
Qe2 d4 9. exd4 cxd4 10. a3 a5 11. Ne5 Nxe5 12. Qxe5 Qb6 13. Nd2 Bd6 14. Qe2
Bd7 15. f4 e5 16. fxe5 Rae8 17. Nf3 Bg4 18. Bf4 Nd7 19. Rae1 Nxe5 20. Bxe5
Rxe5 21. Qf2 Rf5 22. Qd2 Qd8 23. Re4 h5 24. b4 Re8 25. c5 Be5 26. Nxe5
Rexe5 27. Rfe1 Qe7 28. Rxe5 Rxe5 29. Rxe5 Qxe5 30. Bxb7 axb4 31. axb4 h4
32. Kg2 h3+ 33. Kf2 Qe6 34. Be4 f5 35. Bb7 Qd7 36. Qa2+ Kh7 37. Bd5 Qe7 38.
Qd2 Qd7 39. Bh1 Qe6 40. c6 Qe7 41. Qe1 Qa7 42. Bd5 Qb6 43. Qe7 Qa6 44. c7
Qxd3 45. Bg8+ Kh6 46. Qd6+ Kg5 47. Qf4+ Kf6 48. Qd6+ Kg5 49. Qe7+ Kh6 50.
Qh4+ Kg6 51. Qh7+ Kf6 52. Qh4+ Kg6 53. Bh7+ Kf7 54. Bg8+ Kg6 1/2-1/2

[Event "24th Open"]
[Site "Pula CRO"]
[Date "2010.06.24"]
[Round "7"]
[White "Havas,Ja"]
[Black "Kelecevic,N"]
[Result "1/2-1/2"]
[WhiteElo "2103"]
[BlackElo "2277"]
[EventDate "2010.06.19"]

1. d4 e6 2. c4 d5 3. Nc3 c6 4. e3 Bd6 5. Nf3 f5 6. Qc2 Nf6 7. cxd5 cxd5 8.
Nb5 Nc6 9. Nxd6+ Qxd6 10. Bd2 Bd7 11. Qb3 O-O 12. Bb5 Rfc8 13. O-O a6 14.
Bxc6 Bxc6 15. Rfc1 Nd7 16. Bb4 Qc7 17. Ng5 Re8 18. Nf3 Rac8 1/2-1/2

[Event "24th Open"]
[Site "Pula CRO"]
[Date "2010.06.24"]
[Round "7"]
[White "Takac,Z"]
[Black "Guenthner,O"]
[Result "0-1"]
[WhiteElo "2085"]
[BlackElo "2270"]
[EventDate "2010.06.19"]

1. f4 c5 2. Nf3 Nc6 3. b3 d6 4. Bb2 Bg4 5. e3 e6 6. Bb5 Rc8 7. O-O a6 8.
Bxc6+ Rxc6 9. Qe1 Nf6 10. d3 Bxf3 11. Rxf3 g6 12. Nd2 Bg7 13. e4 O-O 14.
Rh3 Nh5 15. Bxg7 Kxg7 16. Qe3 Qf6 17. Rf1 Qd4 18. e5 f5 19. exd6 b5 20. Kh1
Rxd6 21. Rhf3 Re8 22. Re1 Qxe3 23. Rexe3 Nf6 24. g3 h6 25. Rf1 g5 26. Rfe1
Nd5 27. Re5 gxf4 28. gxf4 Kf6 29. Nf3 Rc8 30. Rg1 Nxf4 31. Ree1 Rdd8 32.
Rgf1 Rg8 33. Ne5 Ng6 34. Nd7+ Ke7 35. Nb6 Rb8 36. Nd5+ Kd6 37. Nc3 Ne7 38.
a4 Nd5 39. Nxd5 Kxd5 40. axb5 axb5 41. Re2 Kd6 42. Rfe1 Rbe8 43. Re5 b4 44.
h3 Re7 45. d4 cxd4 46. Rb5 Rc8 47. Rxb4 e5 48. Re2 Rec7 49. Rb6+ Rc6 50.
Rb5 Rc5 51. Rb6+ R8c6 52. Rxc6+ Rxc6 53. Kg2 e4 54. Kg3 Ke5 55. Rf2 Rg6+
56. Kh4 e3 57. Rf1 Rc6 58. Kh5 Ke4 59. b4 Rxc2 60. Rb1 d3 61. b5 d2 62. b6
Rc8 63. b7 Rb8 0-1

[Event "24th Open"]
[Site "Pula CRO"]
[Date "2010.06.25"]
[Round "8"]
[White "Jovanic,O"]
[Black "Zelcic,R"]
[Result "1/2-1/2"]
[WhiteElo "2530"]
[BlackElo "2538"]
[EventDate "2010.06.19"]

1. d4 d5 2. Nf3 Nf6 3. c3 e6 4. Bf4 Bd6 5. Bxd6 Qxd6 6. e3 O-O 7. Be2 c5 8.
O-O Nc6 9. Nbd2 e5 10. dxe5 Nxe5 11. Nxe5 Qxe5 12. Nf3 1/2-1/2

[Event "24th Open"]
[Site "Pula CRO"]
[Date "2010.06.25"]
[Round "8"]
[White "Kuljasevic,D"]
[Black "Predojevic,B"]
[Result "1/2-1/2"]
[WhiteElo "2539"]
[BlackElo "2628"]
[EventDate "2010.06.19"]

1. d4 d5 2. c4 c6 3. Nf3 Nf6 4. e3 Bg4 5. h3 Bxf3 6. Qxf3 e6 7. Bd3 Nbd7 8.
O-O Bd6 9. Nd2 O-O 10. e4 dxe4 11. Nxe4 Nxe4 12. Bxe4 Nf6 13. Bc2 e5 14.
Bg5 h6 15. Bxf6 Qxf6 16. Qxf6 gxf6 17. Rad1 exd4 18. Rxd4 Bc5 19. Rd7 Rab8
20. Rfd1 Rfe8 21. Kf1 Kf8 22. b3 Re7 23. Bf5 Rbe8 24. Rxe7 Rxe7 25. Rd8+
Re8 26. Rxe8+ Kxe8 1/2-1/2

[Event "24th Open"]
[Site "Pula CRO"]
[Date "2010.06.25"]
[Round "8"]
[White "Felgaer,R"]
[Black "Fercec,N"]
[Result "1/2-1/2"]
[WhiteElo "2585"]
[BlackElo "2492"]
[EventDate "2010.06.19"]

1. e4 c5 2. Nf3 d6 3. d4 cxd4 4. Nxd4 Nf6 5. Nc3 a6 6. Be3 e5 7. Nb3 Be7 8.
Qd2 O-O 9. O-O-O Ng4 10. Kb1 Nxe3 11. Qxe3 Nd7 12. g3 b5 13. f4 Bb7 14. a3
Qc7 15. h4 Rab8 16. Rh2 Nb6 17. f5 Nc4 18. Qe1 Rfc8 19. Nd5 Bxd5 20. Rxd5
Nb6 21. Rd1 Nc4 22. Rd5 Nb6 23. Rd1 Nc4 1/2-1/2

[Event "24th Open"]
[Site "Pula CRO"]
[Date "2010.06.25"]
[Round "8"]
[White "Doric,D"]
[Black "Saric,Iv"]
[Result "0-1"]
[WhiteElo "2452"]
[BlackElo "2580"]
[EventDate "2010.06.19"]

1. d4 Nf6 2. c4 g6 3. Nc3 Bg7 4. e4 d6 5. Nf3 O-O 6. Be2 e5 7. O-O Na6 8.
Re1 c6 9. Bf1 exd4 10. Nxd4 Ng4 11. h3 Qb6 12. hxg4 Qxd4 13. g5 Nc5 14. Qf3
Ne6 15. Rd1 Qe5 16. Qd3 Rd8 17. Be3 Nc5 18. Qc2 Qe7 19. f3 f5 20. gxf6 Bxf6
21. Ne2 Be5 22. Rd2 Rf8 23. Bd4 Ne6 24. Bxe5 dxe5 25. Rad1 Qc5+ 26. Kh2 Rf6
27. Rd6 Qf2 28. Qc3 g5 0-1

[Event "24th Open"]
[Site "Pula CRO"]
[Date "2010.06.25"]
[Round "8"]
[White "Kovacevic,A"]
[Black "Rukavina,J"]
[Result "1/2-1/2"]
[WhiteElo "2573"]
[BlackElo "2397"]
[EventDate "2010.06.19"]

1. e4 d5 2. exd5 Qxd5 3. Nc3 Qd6 4. d4 Nf6 5. Nf3 Bg4 6. h3 Bxf3 7. Qxf3 c6
8. Be3 e6 9. Bd3 Qc7 10. O-O Nbd7 11. Ne4 Nxe4 12. Bxe4 Nf6 13. Bd3 Be7 14.
c4 O-O 15. Rad1 Rad8 16. a3 Rd7 17. Rd2 Rfd8 18. Rfd1 a5 19. g3 a4 20. Bf1
Qa5 21. Rd3 g6 22. Qe2 h5 23. Bg2 Ne8 24. d5 exd5 25. cxd5 c5 26. Bf4 Nd6
27. Be5 Qa6 28. g4 h4 29. Qf3 Nc4 30. Bc3 Bf8 31. Qf4 Bg7 32. Bf1 b5 33.
Bxg7 Kxg7 34. Rf3 Qb7 35. Bxc4 bxc4 36. Qf6+ Kg8 37. d6 Re8 38. Qc3 Qb3 39.
Rd5 Rb8 40. Rxc5 Qxc3 41. bxc3 Rxd6 42. Rxc4 Rd1+ 43. Kg2 Rbb1 44. Rff4 Rh1
45. Rc8+ Kg7 46. Rc7 Rbg1+ 47. Kf3 Rxh3+ 48. Ke2 Kh6 49. Rxa4 Ra1 50. Rf4
Rxa3 51. Rfxf7 Rhxc3 52. Rxc3 Rxc3 53. f4 Rg3 54. f5 Rxg4 55. Rf6 h3 56.
Rxg6+ Rxg6 57. fxg6 Kxg6 58. Kf2 1/2-1/2

[Event "24th Open"]
[Site "Pula CRO"]
[Date "2010.06.25"]
[Round "8"]
[White "Cvitan,O"]
[Black "Bellia,F"]
[Result "1-0"]
[WhiteElo "2521"]
[BlackElo "2373"]
[EventDate "2010.06.19"]

1. c4 c5 2. Nf3 Nc6 3. Nc3 e5 4. g3 g6 5. Bg2 Bg7 6. O-O Nge7 7. Ne1 O-O 8.
d3 d6 9. Nc2 Rb8 10. Bg5 h6 11. Bxe7 Nxe7 12. Rb1 a5 13. a3 Be6 14. b4 axb4
15. axb4 b6 16. Ne3 Qd7 17. Ned5 Nxd5 18. Bxd5 Bh3 19. Bg2 Be6 20. Rb3 h5
21. Qb1 Qc7 22. Nd5 Bxd5 23. Bxd5 Kh7 24. Qa2 f5 25. Rfb1 e4 26. bxc5 dxc5
27. dxe4 f4 28. Ra3 fxg3 29. hxg3 h4 30. Kg2 g5 31. Rh1 Rf6 32. f4 Rxf4 33.
gxf4 Qxf4 34. Rf3 Qg4+ 35. Kf1 Rf8 36. Rxf8 Bxf8 37. Qa7+ 1-0

[Event "24th Open"]
[Site "Pula CRO"]
[Date "2010.06.25"]
[Round "8"]
[White "Drazic,S"]
[Black "Sklyarov,D"]
[Result "1-0"]
[WhiteElo "2531"]
[BlackElo "2373"]
[EventDate "2010.06.19"]

1. d4 d5 2. c4 Nc6 3. Nc3 dxc4 4. e3 e5 5. d5 Nce7 6. Nf3 Ng6 7. h4 Bd6 8.
h5 N6e7 9. Nd2 f5 10. Nxc4 Nf6 11. e4 Nxe4 12. Nxe4 fxe4 13. h6 g6 14. Bg5
Bb4+ 15. Nd2 Qxd5 16. Qa4+ Nc6 17. O-O-O Bg4 18. f3 exf3 19. gxf3 Qc5+ 20.
Kb1 Bxd2 21. Qxg4 Bxg5 22. Qd7+ Kf8 23. Qg7+ Ke8 24. Qxh8+ Qf8 25. Qxh7 Ne7
26. Qg7 Qf6 27. Bc4 Rd8 28. Bf7+ 1-0

[Event "24th Open"]
[Site "Pula CRO"]
[Date "2010.06.25"]
[Round "8"]
[White "Martinovic,Sa"]
[Black "Sandhu,M"]
[Result "1-0"]
[WhiteElo "2515"]
[BlackElo "2324"]
[EventDate "2010.06.19"]

1. d4 Nf6 2. c4 e6 3. Nc3 Bb4 4. e3 c5 5. Nge2 d5 6. a3 Bxc3+ 7. Nxc3 cxd4
8. exd4 dxc4 9. Bxc4 Nc6 10. Be3 O-O 11. O-O b6 12. Qf3 Bb7 13. Bd3 Qd7 14.
Qh3 Ne7 15. Bg5 Ng6 16. Bxf6 gxf6 17. Rad1 Rad8 18. Rfe1 Qc7 19. Bxg6 hxg6
20. Qh6 Qc6 21. Ne4 Qxe4 22. Rxe4 Bxe4 23. Qf4 f5 24. Qc7 Ra8 25. Rc1 Bd5
26. f3 b5 27. Rc5 Rfb8 28. Kf2 a5 29. g4 fxg4 30. fxg4 Rb7 31. Qf4 f6 32.
Kg3 Kg7 33. Rc7+ Rxc7 34. Qxc7+ Kg8 35. h4 a4 36. Qe7 Rf8 37. h5 gxh5 38.
gxh5 Rf7 39. Qe8+ Rf8 40. Qxb5 Bb3 41. Qd7 Rf7 42. Qe8+ Rf8 43. Qg6+ Kh8
44. Qh6+ Kg8 45. Qd2 Rd8 46. Qd3 Kh8 47. Qf3 Rg8+ 48. Kf2 Rf8 49. Qb7 Kg8
50. Qd7 Rf7 51. Qe8+ Rf8 52. Qg6+ Kh8 53. h6 Rg8 54. Qxf6+ Kh7 55. Qf7+ Kh8
56. Ke3 Rg4 57. Qh5 Rg1 58. Qf7 Rg4 59. Kf2 Bd5 60. Qe8+ Kh7 61. Qxa4 Rg2+
62. Ke3 Rxb2 63. Kf4 Kxh6 64. Ke5 Re2+ 65. Kd6 Kg5 66. Qd1 Re3 67. a4 Kf4
68. a5 Ke4 69. a6 Rd3 70. Qg4+ Ke3 71. Ke5 Rd2 72. Qg1+ Kd3 73. Qb1+ Kc3
74. a7 Re2+ 75. Kf4 Kxd4 76. Qd1+ 1-0